LEADER 01095nam a22002531i 4500 001 991003938379707536 005 20030927084023.0 008 031111s1968 ne |||||||||||||||||fre 035 $ab12495773-39ule_inst 035 $aARCHE-052904$9ExL 040 $aDip.to Lingue$bita$cA.t.i. Arché s.c.r.l. Pandora Sicilia s.r.l. 100 1 $aTernaux-Compans, Henri$d<1807-1864>$0244753 245 10$aBibliothèque américaine :$bou catalogue des ouvrages relatifs a l'Amérique qui ont paru depuis sa découverte jusqu'a l'an 1700 /$cpar H. Ternaux 250 $a[Réimpression de l'éd. Paris 1837] 260 $aAmsterdam :$bB.R. Grüner,$c1968 300 $aviii, 192 p. ;$c23 cm 650 4$aLetteratura americana$xBibliografia$xCatalogo 651 4$aAmerica$xBibliografia 907 $a.b12495773$b02-04-14$c13-11-03 912 $a991003938379707536 945 $aLE012 REF 810.16 TER$g1$i2012000026117$lle012$o-$pE0.00$q-$rn$so $t0$u0$v0$w0$x0$y.i1293124x$z13-11-03 996 $aBibliothèque américaine$9182458 997 $aUNISALENTO 998 $ale012$b13-11-03$cm$da $e-$ffre$gne $h0$i1